Vybrané konflikty o zdroje a suroviny

Guardado en:
Detalles Bibliográficos
Autor principal: Šmíd, Tomáš
Formato: Libro
Lenguaje:checo
Publicado: Brno Masarykova univerzita - Mezinárodní politologický ústav 2010
Colección:Ediční řada Monografie svazek č. 36
Materias:
Etiquetas: Agregar Etiqueta
Sin Etiquetas, Sea el primero en etiquetar este registro!

MARC

LEADER 00000nam a2200000 4500
001 0136431
005 20231215113626.4
020 |a 978-80-210-5351-9 
041 0 |a cze 
044 |a CZ 
245 1 0 |a Vybrané konflikty o zdroje a suroviny  |c Tomáš Šmíd a kol. 
264 1 |a Brno  |b Masarykova univerzita - Mezinárodní politologický ústav  |c 2010 
300 |a 216 s. 
490 1 |a Ediční řada Monografie  |v svazek č. 36 
830 0 |a Ediční řada Monografie  |v svazek č. 36 
610 2 0 |a vzťahy medzinárodné 
610 2 0 |a konflikty medzinárodné 
610 2 0 |a suroviny nerastné 
610 2 0 |a suroviny prírodné 
610 2 0 |a energetika 
610 2 0 |a voda 
610 2 0 |a ropa 
610 2 0 |a plyn 
610 2 0 |a drahokamy 
610 2 0 |a svet 
610 2 0 |a bezpečnosť medzinárodná 
610 2 0 |a výskum 
100 1 |a Šmíd, Tomáš